| 000 | 00364cam a22001217a 4500 | ||
|---|---|---|---|
| 008 | 180718b1957 xxu||||| |||| 00| 0 eng d | ||
| 082 | _aA6x61 Z61 | ||
| 100 | _aZiadeh, Nicola A. | ||
| 245 |
_aWhither North Africa. _cby Nicola A. Ziadeh |
||
| 260 |
_aAligarh _bInstitute Of Islamic Studies _c1957 |
||
| 300 | _a79p | ||
| 650 | _aAfrica, North -Politics and government. | ||
| 999 |
_c413077 _d413077 |
||